| 000 | 00869nam a2200217 a 4500 | ||
|---|---|---|---|
| 001 | 84272 | ||
| 003 | BD-RjUL | ||
| 005 | 20241110155409.0 | ||
| 008 | 241110s2023 bg ||||| |||| 00| 0 ben d | ||
| 035 | _a(BD-RjUL)84272 | ||
| 040 |
_aBD-RjUL _beng _cBD-RjUL |
||
| 041 | _aben | ||
| 082 |
_223 _a297.54 _bAYZ 2023 |
||
| 100 |
_aআইয়ুব, মিয়া মুহাম্মদ _914188 |
||
| 245 |
_aযাকাত ব্যবস্থাপনা ও দারিদ্র্যবিমোচন কৌশল / _cমিয়া মুহাম্মদ আইয়ুব |
||
| 260 |
_aঢাকা : _bসেন্টার ফর যাকাত ম্যানেজমেন্ট (সিজেডএম) , _c২০২৩ |
||
| 300 |
_a১৩২ পৃ.; _c২২ সেমি. |
||
| 650 | _aযাকাত | ||
| 650 | _aZakat | ||
| 942 |
_2ddc _cBK |
||
| 999 |
_c84272 _d84272 |
||